[Event "AUTO-OPEN-3035"]
[Site "http://www.queenalice.com/game.php?id=1200409"]
[Date "2013.7.16"]
[Round "1"]
[White "pawnguy"]
[Black "junipero"]
[Result "0-1"]
[WhiteElo "1736"]
[BlackElo "2021"]

1. d4 d5 2. Nf3 e6 3. Bf4 c5 4. e3 Nc6 5. c3 Nf6 6. Ne5 cxd4 7. exd4 Bd6 8. Bb5
Bd7 9. Nxd7 Bxf4 10. Nxf6+ Qxf6 11. Qf3 O-O 12. O-O Bg5 13. Qxf6 Bxf6 14. Nd2 a6
15. Bxc6 bxc6 16. Rae1 Rab8 17. Rb1 a5 18. Nb3 a4 19. Nc5 Ra8 20. b4 axb3 21.
axb3 Be7 22. Nd3 Rfc8 23. Ne5 c5 24. dxc5 Rxc5 25. Rfc1 Rca5 26. b4 Ra2 27. Nc6
Bf8 28. b5 Bd6 29. b6 Re8 30. b7 Bb8 31. c4 Rd2 32. Ra1 Rb2 33. Ra8 Rxb7 34. c5
Rc8 35. Nxb8 Rbxb8 36. Rxb8 Rxb8 37. c6 Kf8 38. Kf1 Ke7 39. Ra1 Rc8 40. Ra7+ Kf6
41. Ke2 Rxc6 42. Kd2 h5 43. Kd3 Rc4 44. g3 g5 45. Ra8 Kg7 46. h3 Kg6 47. Rg8+
Kf6 48. f3 Ra4 49. Rh8 h4 50. gxh4 Rxh4 0-1

[Event "AUTO-OPEN-3035"]
[Site "http://www.queenalice.com/game.php?id=1200420"]
[Date "2013.7.16"]
[Round "1"]
[White "Lightbug"]
[Black "pawnguy"]
[Result "1-0"]
[WhiteElo "1870"]
[BlackElo "1745"]

1. d4 Nf6 2. c4 e6 3. Nf3 c5 4. e3 cxd4 5. exd4 d5 6. Nc3 Bb4 7. Bd2 Nc6 8. Bd3
Bxc3 9. Bxc3 O-O 10. O-O b6 11. Re1 a5 12. a3 Ba6 13. cxd5 Nxd5 14. Bb1 b5 15.
Qc2 g6 16. Bd2 Re8 17. Bh6 b4 18. axb4 Ncxb4 19. Qd2 Qd6 20. Rxa5 Nc6 21. Ra1 e5
22. dxe5 Qe6 23. Ba2 Red8 24. Qg5 Ncb4 25. Bb3 Nd3 26. Reb1 Nc5 27. Bxd5 Rxd5
28. b4 Ne4 29. Qe3 f6 30. exf6 Bb7 31. Rxa8+ Bxa8 32. Qa7 Bc6 33. Qg7# 1-0

[Event "AUTO-OPEN-3035"]
[Site "http://www.queenalice.com/game.php?id=1200421"]
[Date "2013.7.16"]
[Round "1"]
[White "pawnguy"]
[Black "Lightbug"]
[Result "1/2-1/2"]
[WhiteElo "1717"]
[BlackElo "1927"]

1. d4 d5 2. Nf3 c5 3. Bf4 Nc6 4. e3 Nf6 5. Bb5 e6 6. Ne5 Bd7 7. Bxc6 bxc6 8. O-O
cxd4 9. exd4 c5 10. c3 Qb6 11. Bg5 Ne4 12. Bc1 cxd4 13. cxd4 Bd6 14. Nxd7 Kxd7
15. Nc3 Nxc3 16. bxc3 Be7 17. a4 a5 18. Ba3 Bxa3 19. Rxa3 Rab8 20. Qc2 Qd6 21.
Rb3 Rxb3 22. Qxb3 Rb8 23. Qc2 g6 24. Rb1 Rxb1+ 25. Qxb1 Qc6 26. Qb3 Kd6 27. Kf1
Qc4+ 28. Qxc4 dxc4 29. Ke2 Kd5 30. Ke3 f6 31. f4 e5 32. g4 exd4+ 33. cxd4 c3 34.
Kd3 c2 35. Kxc2 Kxd4 36. f5 g5 37. Kb3 h6 38. h3 Kc5 39. Kc3 Kd5 40. Kd3 Kc5 41.
Kc3 Kd5 42. Kd3 Kc5 1/2-1/2

[Event "AUTO-OPEN-3039"]
[Site "http://www.queenalice.com/game.php?id=1201934"]
[Date "2013.7.23"]
[Round "1"]
[White "Cheshco"]
[Black "pawnguy"]
[Result "1-0"]
[WhiteElo "2422"]
[BlackElo "1783"]

1. d4 Nf6 2. c4 d5 3. Nc3 e6 4. Nf3 c5 5. cxd5 Nxd5 6. e3 Nc6 7. Bd3 cxd4 8.
exd4 Bb4 9. Bd2 Qb6 10. O-O Nxd4 11. Nxd5 exd5 12. Nxd4 Qxd4 13. Qa4+ Bd7 14.
Rae1+ Kd8 15. Qxb4 Qb6 16. Qe7+ Kc7 17. Bf4+ Kc8 18. Rc1+ Bc6 19. Bf5# 1-0

[Event "AUTO-OPEN-3039"]
[Site "http://www.queenalice.com/game.php?id=1201935"]
[Date "2013.7.23"]
[Round "1"]
[White "pawnguy"]
[Black "Cheshco"]
[Result "0-1"]
[WhiteElo "1698"]
[BlackElo "2437"]

1. d4 Nf6 2. Nf3 d5 3. Bf4 c5 4. e3 Nc6 5. c3 Qb6 6. b3 h6 7. Nbd2 cxd4 8. cxd4
Bf5 9. a4 e6 10. Bb5 Bb4 11. O-O O-O 12. Ne5 Rac8 13. g4 Bh7 14. g5 hxg5 15.
Bxg5 Nxe5 16. dxe5 Ne4 17. Nxe4 Bxe4 18. h4 Bc3 19. Rc1 Bb2 20. Rxc8 Rxc8 21. f3
Bf5 22. Kg2 Bxe5 23. h5 f6 24. Bh4 Qxe3 25. Bf2 Qg5+ 0-1

[Event "AUTO-OPEN-3039"]
[Site "http://www.queenalice.com/game.php?id=1201972"]
[Date "2013.7.23"]
[Round "1"]
[White "brunooliveira"]
[Black "pawnguy"]
[Result "1-0"]
[WhiteElo "1757"]
[BlackElo "1783"]

1. e4 Nc6 2. d4 d5 3. Nc3 dxe4 4. d5 Ne5 5. Bf4 Ng6 6. Nge2 e5 7. Bg3 Bd6 8.
Nxe4 b6 9. c4 c5 10. dxc6 Qc7 11. Qxd6 Qxd6 12. Nxd6+ Ke7 13. Nxc8+ Rxc8 14. Nc3
Rxc6 15. Be2 Nf6 16. O-O-O Nf4 17. Bxf4 exf4 18. Bf3 Rxc4 19. Rhe1+ Kf8 20. Rd8+
1-0

[Event "AUTO-OPEN-3039"]
[Site "http://www.queenalice.com/game.php?id=1201973"]
[Date "2013.7.23"]
[Round "1"]
[White "pawnguy"]
[Black "brunooliveira"]
[Result "1-0"]
[WhiteElo "1698"]
[BlackElo "1765"]

1. d4 Nf6 2. Nf3 g6 3. Bf4 Bg7 4. e3 O-O 5. c4 d6 6. Nc3 Nbd7 7. Bd3 Re8 8. O-O
e5 9. dxe5 dxe5 10. Bg3 Nh5 11. Ne4 Nxg3 12. fxg3 f5 13. Neg5 e4 14. Be2 Bh6 15.
h4 exf3 16. Bxf3 Bxg5 17. hxg5 Qxg5 18. Re1 Rxe3 19. Bd5+ Kh8 20. Qd4+ Re5 21.
Rxe5 1-0

[Event "Challenge"]
[Site "http://www.queenalice.com/game.php?id=1227908"]
[Date "2013.10.28"]
[Round "-"]
[White "AlekinePb"]
[Black "pawnguy"]
[Result "1-0"]
[WhiteElo "1820"]
[BlackElo "1727"]

1. d4 Nf6 2. c4 e6 3. Nf3 c5 4. d5 b6 5. Nc3 Bb7 6. e4 Be7 7. Bd3 d6 8. O-O Nbd7
9. Bg5 h6 10. Bh4 g5 11. Bg3 Qc7 12. Nb5 Qd8 13. Nxd6+ Bxd6 14. Bxd6 exd5 15.
exd5 Nf8 16. Re1+ Ne6 17. Bg3 Kf8 18. dxe6 fxe6 19. Rxe6 Qd7 20. Rxf6+ Ke7 21.
Ne5 Qe8 22. Bg6 Qb8 23. Rf7+ Ke6 24. Qd7# 1-0

[Event "Challenge"]
[Site "http://www.queenalice.com/game.php?id=1228368"]
[Date "2013.10.29"]
[Round "-"]
[White "pawnguy"]
[Black "Vladimir"]
[Result "0-1"]
[WhiteElo "1703"]
[BlackElo "1902"]

1. d4 d5 2. Nf3 Nf6 3. Bf4 Bg4 4. e3 h6 5. h3 Bh5 6. g4 Bg6 7. Ne5 Bh7 8. g5
hxg5 9. Bxg5 Ne4 10. Nxf7 Kxf7 11. Qf3+ Kg8 12. c4 Nxg5 13. Qxd5+ Qxd5 14. cxd5
Be4 15. h4 Bxh1 16. hxg5 Bxd5 17. Nc3 e6 18. e4 Bc6 19. d5 exd5 20. exd5 Rh1 21.
dxc6 Nxc6 22. Kd2 Rd8+ 23. Kc2 Nd4+ 24. Kc1 Rxf1+ 25. Nd1 Bb4 0-1

[Event "OS INCLIVEIS"]
[Site "http://www.queenalice.com/game.php?id=1233603"]
[Date "2013.11.19"]
[Round "-"]
[White "adelio"]
[Black "pawnguy"]
[Result "0-1"]
[WhiteElo "1858"]
[BlackElo "1689"]

1. c4 Nf6 2. b4 e6 3. b5 d5 4. e3 dxc4 5. Bxc4 a6 6. Bb2 axb5 7. Bxb5+ c6 8. Be2
b6 9. Nf3 Bd6 10. O-O Qc7 11. Bxf6 gxf6 12. Nc3 h5 13. Nh4 Bxh2+ 14. Kh1 Bd6 15.
f4 Nd7 16. Bxh5 Ba6 17. Qg4 Bxf1 18. Rxf1 O-O-O 19. Bxf7 Nf8 20. Bxe6+ Nxe6 21.
g3 Qd7 22. Ne4 Be7 23. Qe2 Qd5 24. Qf3 f5 25. Rc1 fxe4 26. Qf1 Kb7 27. Rc2 Bxh4
28. gxh4 Rxh4+ 29. Kg2 Rg8+ 30. Kf2 Rh2+ 31. Ke1 Rhg2 32. Qxg2 Rxg2 33. Rb2 Qd3
34. Rxb6+ Kxb6 35. a4 Qe2# 0-1

[Event "AUTO-OPEN-3137"]
[Site "http://www.queenalice.com/game.php?id=1238303"]
[Date "2013.12.7"]
[Round "1"]
[White "marcomasao"]
[Black "pawnguy"]
[Result "1-0"]
[WhiteElo "1752"]
[BlackElo "1746"]

1. e4 Nc6 2. Bc4 e6 3. a3 Ne5 4. Bb3 Nf6 5. Nc3 b6 6. h3 Bb7 7. d3 Bc5 8. Bd2 d5
9. Nf3 Ng6 10. Qe2 O-O 11. O-O-O d4 12. Na2 Nd7 13. g4 Bd6 14. Nxd4 Nc5 15. Rdg1
Nf4 16. Bxf4 Bxf4+ 17. Kb1 Qxd4 18. g5 h6 19. Rg4 Bxg5 20. f4 Be7 21. Rhg1 g6
22. h4 h5 23. R4g2 Nxb3 24. Qxh5 Kg7 25. Rxg6+ fxg6 26. Qxg6+ Kh8 27. Qh6# 1-0

[Event "AUTO-OPEN-3137"]
[Site "http://www.queenalice.com/game.php?id=1238304"]
[Date "2013.12.7"]
[Round "1"]
[White "pawnguy"]
[Black "marcomasao"]
[Result "0-1"]
[WhiteElo "1773"]
[BlackElo "1704"]

1. d4 d5 2. Nf3 Bf5 3. Bf4 Nc6 4. e3 Nb4 5. Na3 a6 6. Ne5 e6 7. Bd3 Bg6 8. Nxg6
hxg6 9. c4 Nf6 10. c5 Be7 11. O-O Nc6 12. Re1 Qd7 13. Qc2 Nh5 14. e4 Nxf4 15.
Qb1 Nxd4 16. exd5 Qxd5 17. Be4 Qxc5 18. g3 f5 19. Bxb7 Rb8 20. Bxa6 Nf3+ 21. Kf1
Nxh2+ 22. Kg1 Nf3+ 23. Kf1 Rh1# 0-1

[Event "AUTO-OPEN-3137"]
[Site "http://www.queenalice.com/game.php?id=1238327"]
[Date "2013.12.7"]
[Round "1"]
[White "Pagano"]
[Black "pawnguy"]
[Result "0-1"]
[WhiteElo "2070"]
[BlackElo "1727"]

1. e4 Nc6 2. d4 e6 3. c4 d5 4. cxd5 exd5 5. e5 f6 6. Bb5 Bd7 7. Nf3 Qe7 8. O-O
O-O-O 9. Nc3 Bg4 10. Bxc6 bxc6 11. exf6 Nxf6 12. Qa4 Bxf3 13. gxf3 Kb8 14. Qxc6
Rd6 15. Qa4 Nh5 16. Nb5 Rg6+ 17. Kh1 Kc8 18. Bd2 Qf6 19. Qxa7 Qxf3# 0-1

[Event "AUTO-OPEN-3137"]
[Site "http://www.queenalice.com/game.php?id=1238328"]
[Date "2013.12.7"]
[Round "1"]
[White "pawnguy"]
[Black "Pagano"]
[Result "0-1"]
[WhiteElo "1645"]
[BlackElo "1975"]

1. d4 d5 2. Nf3 Nf6 3. Bf4 c5 4. e3 Nc6 5. c4 cxd4 6. Nxd4 Nxd4 7. Qxd4 Qa5+ 8.
Nc3 e6 9. Be5 Be7 10. Bd3 O-O 11. O-O dxc4 12. Qxc4 Qxe5 13. Rac1 Bd7 14. Bb1
Rac8 15. Qd3 Rfd8 16. Qe2 a6 17. f4 Qb8 18. e4 Rxc3 19. Rxc3 Bb5 20. Qf3 Bxf1
21. Kxf1 Rd2 22. b3 Qd8 23. Bd3 Bb4 24. Rc1 Rxd3 25. Qe2 Kf8 26. e5 Rd2 27. Qe1
Qd3+ 0-1

[Event "AUTO-OPEN-3137"]
[Site "http://www.queenalice.com/game.php?id=1238343"]
[Date "2013.12.7"]
[Round "1"]
[White "pawnguy"]
[Black "oevidalr"]
[Result "0-1"]
[WhiteElo "1674"]
[BlackElo "1770"]

1. d4 d5 2. Nf3 Nc6 3. Bf4 Nf6 4. e3 a6 5. c4 e6 6. c5 Be7 7. Bd3 h6 8. Bg3 O-O
9. Qc2 b6 10. cxb6 Nb4 11. Qc3 cxb6 12. a3 Nxd3+ 13. Qxd3 Bd6 14. Nbd2 Bxg3 15.
fxg3 Qd6 16. Ne5 b5 17. O-O Qe7 18. Nb3 Rd8 19. Nc6 Qc7 20. Nxd8 Qxd8 21. Rae1
Qd6 22. Rf4 Bb7 23. Ref1 Rc8 0-1

[Event "AUTO-OPEN-3137"]
[Site "http://www.queenalice.com/game.php?id=1238344"]
[Date "2013.12.7"]
[Round "1"]
[White "oevidalr"]
[Black "pawnguy"]
[Result "1-0"]
[WhiteElo "1757"]
[BlackElo "1690"]

1. e4 Nc6 2. Nf3 Nf6 3. Nc3 d5 4. e5 Ne4 5. d4 Bg4 6. Be2 e6 7. h3 Nxc3 8. bxc3
Bh5 9. Ng5 Bxe2 10. Qxe2 Be7 11. Nf3 f6 12. exf6 Bxf6 13. O-O O-O 14. Bf4 Re8
15. Qd2 e5 16. dxe5 Nxe5 17. Rae1 Nxf3+ 18. gxf3 Qd7 19. Rxe8+ Rxe8 20. Re1 Kf7
21. Kh2 Rxe1 22. Qxe1 Qf5 23. Qe3 1-0

[Event "AUTO-OPEN-3159"]
[Site "http://www.queenalice.com/game.php?id=1246016"]
[Date "2014.1.7"]
[Round "1"]
[White "ribeiro"]
[Black "pawnguy"]
[Result "1-0"]
[WhiteElo "1794"]
[BlackElo "1705"]

1. e4 c5 2. Nf3 Nc6 3. Bb5 a6 4. Bxc6 dxc6 5. d4 cxd4 6. Nxd4 e5 7. Nf3 Bg4 8.
h3 Bh5 9. Nc3 Bc5 10. g4 Bg6 11. Qe2 Bb4 12. Bd2 1-0

[Event "AUTO-OPEN-3159"]
[Site "http://www.queenalice.com/game.php?id=1246017"]
[Date "2014.1.7"]
[Round "1"]
[White "pawnguy"]
[Black "ribeiro"]
[Result "0-1"]
[WhiteElo "1724"]
[BlackElo "1778"]

1. d4 d5 2. Nf3 Nc6 3. Bf4 e6 4. e3 f6 5. Bb5 Bd7 6. Nc3 Bb4 7. a3 Bxc3+ 8. bxc3
g5 9. Bg3 g4 10. Nh4 f5 11. h3 Qe7 12. hxg4 O-O-O 0-1

[Event "AUTO-OPEN-3159"]
[Site "http://www.queenalice.com/game.php?id=1246040"]
[Date "2014.1.7"]
[Round "1"]
[White "MarceloPadre"]
[Black "pawnguy"]
[Result "1-0"]
[WhiteElo "2067"]
[BlackElo "1642"]

1. f4 d5 2. e3 c5 3. d4 c4 4. c3 Nf6 5. Nf3 Bg4 6. Nbd2 e6 7. Be2 Bf5 8. Ne5
Nbd7 9. O-O Ne4 10. Bf3 Nxe5 11. fxe5 b5 12. Bxe4 1-0

[Event "AUTO-OPEN-3159"]
[Site "http://www.queenalice.com/game.php?id=1246041"]
[Date "2014.1.7"]
[Round "1"]
[White "pawnguy"]
[Black "MarceloPadre"]
[Result "0-1"]
[WhiteElo "1640"]
[BlackElo "2069"]

1. d4 d5 2. Nf3 e6 3. Bf4 Nf6 4. e3 Bd6 5. c4 Bxf4 6. exf4 O-O 7. Bd3 Nbd7 8.
O-O b6 9. Ne5 Bb7 10. c5 bxc5 11. Bc2 cxd4 12. Qxd4 c5 0-1

[Event "AUTO-OPEN-3159"]
[Site "http://www.queenalice.com/game.php?id=1246054"]
[Date "2014.1.7"]
[Round "1"]
[White "rocket"]
[Black "pawnguy"]
[Result "1-0"]
[WhiteElo "1100"]
[BlackElo "1642"]

1. e4 Nc6 2. Bc4 e6 3. Nf3 d5 4. exd5 exd5 5. Bb3 Bg4 6. h3 Qe7+ 7. Kf1 Bh5 8.
Kg1 O-O-O 9. Nc3 d4 10. Ne2 d3 11. cxd3 Bxf3 12. g3 Bxh1 13. Kxh1 Rxd3 14. Nf4
1-0

[Event "AUTO-OPEN-3159"]
[Site "http://www.queenalice.com/game.php?id=1246055"]
[Date "2014.1.7"]
[Round "1"]
[White "pawnguy"]
[Black "rocket"]
[Result "0-1"]
[WhiteElo "1642"]
[BlackElo "1100"]

1. d4 d5 2. Nf3 Bf5 3. Bf4 Nc6 4. e3 Nb4 5. c3 Nc2+ 6. Ke2 Nxa1 7. Nbd2 Nc2 8.
Ne5 Nf6 9. h3 e6 10. g4 Bg6 11. Nxg6 Nxd4+ 12. exd4 fxg6 13. Qb3 b6 0-1